Joueurs NBA de A à Z - Statistiques

Statistiques générales
  • Ce quiz a été pris 417 fois
  • Le résultat moyen est 19 sur 25
Statistiques - réponses
Par images Hint Réponse % Correct
C : Stephen Curry
99%
D : Kevin Durant
97%
B : Kobe Bryant
97%
J : LeBron James
97%
T : Jayson Tatum
91%
I : Kyrie Irving
90%
L : Kawhi Leonard
87%
P : Chris Paul
86%
Y : Trae Young
86%
A : Bam Adebayo
85%
E : Anthony Edwards
84%
Prénom en Z : Zion Williamson
84%
M : Donovan Mitchell
82%
H : Tyrese Haliburton
82%
S : Pascal Siakam
78%
F : De'Aaron Fox
76%
W : Derrick White
76%
N : Dirk Nowitzki
72%
K : Kyle Kuzma
69%
O : Kelly Oubre Jr
59%
V : Jonas Valanciunas
53%
R : Naz Reid
53%
G : Daniel Gafford
51%
Q : Immanuel Quickley
44%
U : Stanley Umude
6%
Aucun quiz correspondant
Distribution des résultats
% des personnes avec chaque résultat
Percentile par nombre de réponses
Votre historique - résultats
Vous n’avez pas pris ce quiz